000 01060cam a22001814a 4500
005 20250605164047.0
008 250528s ||||||||||||||||||||||||d
035 _a17167
040 _aGR-AtMCL
_bgre
_dGR-AtMCL
_eAACR2
245 1 _aΑρχές Οικονομικής Επιστήμης / Μικροοικονομική Θεωρία
260 _bΣταμούλης Α,
_c1985
300 _a188
520 _aΕισαγωγικές και Βασικές Οικονομικές Έννοιες, Οικονομικές Ανάγκες, Οικονομικό Σύστημα, Οργάνωση του Οικονομικού Συστήματος, Θεωρία Τιμών, Ανάλυση της Ζητήσεως, Προσδιορισμός της Τιμής και Ποσότητας Ισορροπίας στην Αγορά Προϊόντων, Θεωρία Παραγωγής, Θεωρία Κόστους, Θεωρία Αγοράς, Βιβλιογραφία.
700 1 _aΚιόχος Πέτρος Δ
_93322
942 _cBK
999 _c2602
_d2602